| 000 | 00999cam a22002651i 4500 | ||
|---|---|---|---|
| 003 | SA_RiAUC | ||
| 005 | 20240930063202.0 | ||
| 008 | 240929s2016____su g 000 0dara c | ||
| 020 | _a9786030204564 | ||
| 040 |
_aSA-MaHRM _bara _cSA-RiAUC _erda |
||
| 043 | _aa-su--- | ||
| 082 | 0 | 4 |
_a810.9 _qSA-RiAUC |
| 090 |
_a810.9 _bب د و |
||
| 100 | 1 |
_aبدوي، صالح جمال، _d1361 هجري- _eمؤلف. |
|
| 245 | 1 | 2 |
_aالأدب العربي السعودي : _bمعالم وأعلام / _cصالح جمال بدوي. |
| 264 | 1 |
_aمكة المكرمة : _b[الناشر غير محدد]، _c2016 |
|
| 300 |
_a104 صفحة ؛ _c24 سم |
||
| 336 |
_aنص _btxt _2rdacontent _3كتاب |
||
| 337 |
_aبدون وسيط _bn _2rdamedia |
||
| 338 |
_aمجلد _bnc _2rdacarrier |
||
| 650 | 7 |
_aالأدب العربي _zالسعودية _xتاريخ ونقد _2aucsh |
|
| 650 | 7 |
_aالأدباء السعوديون _vتراجم _2aucsh |
|
| 942 |
_2ddc _cBOOK _n0 |
||
| 949 |
_aSA-JeALM _d240929 _umohamedma123 _n1 |
||
| 999 |
_c655 _d655 |
||